[Event "HUN-ch Rapid"]
[Site "Ajka"]
[Date "2023.07.21"]
[Round "2"]
[White "Papp, Gabor"]
[Black "Dobos, Jozsef"]
[Result "1-0"]
[WhiteElo "2558"]
[BlackElo "2227"]
[PlyCount "43"]
[EventDate "2023.07.21"]
[EventType "swiss (rapid)"]
[EventRounds "13"]
[EventCountry "HUN"]
[SourceTitle "CBM 215 Extra"]
[Source "ChessBase"]
[SourceDate "2023.09.30"]
[SourceVersion "1"]
[SourceVersionDate "2023.09.30"]
[SourceQuality "1"]

1. e4 c5 2. Nf3 d6 3. d4 cxd4 4. Nxd4 Nf6 5. Nc3 a6 6. Bg5 e6 7. f4 Be7 8. Qf3 h6 9. Bh4 Qc7 10. 0-0-0 Nbd7 11. Be2 Rb8 12. Rhe1 g5 13. fxg5 hxg5 14. Bxg5 Rxh2 15. Rh1 Rxh1 16. Rxh1 Ng8 17. Bxe7 Kxe7 18. Nxe6 fxe6 19. Rh7+ Kd8 20. Qf7 Qc5 21. Qxg8+ Kc7 22. Qxe6 1-0

[Event "AUT-chT 2223"]
[Site "Austria"]
[Date "2023.03.26"]
[Round "8.2"]
[White "Donchenko, Alexander"]
[Black "Papp, Gabor"]
[Result "1/2-1/2"]
[WhiteElo "2645"]
[BlackElo "2564"]
[PlyCount "46"]
[EventDate "2022.11.03"]
[EventType "team-tourn"]
[EventRounds "11"]
[EventCountry "AUT"]
[SourceTitle "CBM 213 Extra"]
[Source "ChessBase"]
[SourceDate "2023.05.31"]
[SourceVersion "1"]
[SourceVersionDate "2023.05.31"]
[SourceQuality "1"]
[WhiteTeam "Jenbach"]
[BlackTeam "Ottakring"]
[WhiteTeamCountry "AUT"]
[BlackTeamCountry "AUT"]

1. d4 Nf6 2. c4 e6 3. g3 d5 4. Bg2 Be7 5. Nf3 c6 6. 0-0 0-0 7. Nc3 a5 8. b3 b6 9. Qd3 Ba6 10. Rd1 b5 11. Nd2 bxc4 12. bxc4 dxc4 13. Qc2 Qxd4 14. Nde4 Qa7 15. Be3 Qc7 16. Bf4 e5 17. Nxf6+ Bxf6 18. Be3 Nd7 19. Qa4 e4 20. Bf4 Qa7 21. Be3 Qc7 22. Bf4 Qa7 23. Be3 Qc7 1/2-1/2

[Event "HUN-ch 70th"]
[Site "Budapest"]
[Date "2022.12.06"]
[Round "2"]
[White "Nagy, Gabor"]
[Black "Papp, Gabor"]
[Result "1/2-1/2"]
[WhiteElo "2488"]
[BlackElo "2557"]
[PlyCount "61"]
[EventDate "2022.12.05"]
[EventType "tourn"]
[EventRounds "9"]
[EventCountry "HUN"]
[EventCategory "12"]
[SourceTitle "CBM 211 Extra"]
[Source "ChessBase"]
[SourceDate "2023.01.31"]
[SourceVersion "1"]
[SourceVersionDate "2023.01.31"]
[SourceQuality "1"]

1. Nf3 Nf6 2. c4 e6 3. Nc3 d5 4. e3 Bd6 5. d4 b6 6. Bd3 Bb7 7. 0-0 0-0 8. b3 Nbd7 9. cxd5 exd5 10. Bb2 a6 11. Rc1 Ne4 12. Ne2 Qe7 13. Ng3 f5 14. Qc2 c6 15. Qe2 a5 16. a4 Rae8 17. Rc2 Qf6 18. Nd2 Qh4 19. Re1 Re6 20. f4 Bb4 21. Ngf1 Nxd2 22. Nxd2 Rfe8 23. Qf2 Qxf2+ 24. Kxf2 g6 25. Bc3 Nf6 26. h3 Bd6 27. g3 Ne4+ 28. Nxe4 fxe4 29. Be2 Ra8 30. h4 Be7 31. Kg2 1/2-1/2

[Event "Bundesliga 2122"]
[Site "Germany"]
[Date "2022.05.14"]
[Round "7.3"]
[White "Papp, Gabor"]
[Black "Efimenko, Zahar"]
[Result "1/2-1/2"]
[WhiteElo "2574"]
[BlackElo "2597"]
[PlyCount "48"]
[EventDate "2022.03.05"]
[EventType "team-tourn"]
[EventRounds "15"]
[EventCountry "GER"]
[SourceTitle "EXT 2023"]
[Source "ChessBase"]
[SourceDate "2022.10.05"]
[SourceVersion "1"]
[SourceVersionDate "2022.10.05"]
[SourceQuality "1"]
[WhiteTeam "Hamburger SK"]
[BlackTeam "Werder Bremen"]
[WhiteTeamCountry "GER"]
[BlackTeamCountry "GER"]

1. e4 c5 2. Nf3 e6 3. d4 cxd4 4. Nxd4 Nf6 5. Nc3 Nc6 6. a3 Be7 7. Nxc6 bxc6 8. e5 Nd5 9. Qg4 g6 10. Ne4 f5 11. exf6 Nxf6 12. Nxf6+ Bxf6 13. Be2 d5 14. 0-0 0-0 15. Qa4 Qc7 16. c4 Rb8 17. Rb1 c5 18. Bh6 Bd7 19. Qd1 Rfd8 20. cxd5 Bc6 21. Qc1 Bxd5 22. Bf4 Be5 23. Bxe5 Qxe5 24. Re1 Qd4 1/2-1/2

[Event "EU-ch 22nd"]
[Site "Terme Catez"]
[Date "2022.04.01"]
[Round "6"]
[White "Cheparinov, Ivan"]
[Black "Papp, Gabor"]
[Result "1-0"]
[WhiteElo "2672"]
[BlackElo "2574"]
[PlyCount "31"]
[EventDate "2022.03.27"]
[EventType "swiss"]
[EventRounds "11"]
[EventCountry "SLO"]
[SourceTitle "CBM 208"]
[Source "ChessBase"]
[SourceDate "2022.06.30"]
[SourceVersion "1"]
[SourceVersionDate "2022.06.30"]
[SourceQuality "1"]

1. e4 e5 2. Nf3 Nf6 3. d4 Nxe4 4. dxe5 d5 5. Nbd2 Be7 6. Nxe4 dxe4 7. Qxd8+ Bxd8 8. Nd4 c6 9. Bc4 b5 10. Nxb5 cxb5 11. Bd5 Nd7 12. Bxa8 Nxe5 13. Bxe4 f5 14. Bd5 Bf6 15. 0-0 Nc4 16. a4 1-0

[Event "EU-ch 22nd"]
[Site "Terme Catez"]
[Date "2022.03.31"]
[Round "5"]
[White "Papp, Gabor"]
[Black "Ben Ari, Yannay"]
[Result "1-0"]
[WhiteElo "2574"]
[BlackElo "2417"]
[PlyCount "131"]
[EventDate "2022.03.27"]
[EventType "swiss"]
[EventRounds "11"]
[EventCountry "SLO"]
[SourceTitle "CBM 208"]
[Source "ChessBase"]
[SourceDate "2022.06.30"]
[SourceVersion "1"]
[SourceVersionDate "2022.06.30"]
[SourceQuality "1"]

1. Nf3 Nf6 2. g3 g6 3. Bg2 Bg7 4. c4 c6 5. 0-0 0-0 6. d4 d5 7. Qb3 a5 8. cxd5 a4 9. Qd1 cxd5 10. Nc3 Qa5 11. Bd2 Qa6 12. b3 a3 13. Ne5 e6 14. Na4 Nfd7 15. Bb4 Re8 16. f4 b5 17. Nc5 Nxc5 18. Bxc5 Nd7 19. Nxd7 Bxd7 20. b4 Qb7 21. Rc1 Rec8 22. Qd3 Ra4 23. e3 Bf8 24. Qd2 Bg7 25. Rc3 Qa6 26. Rfc1 Qb7 27. Bf3 Bf6 28. Kg2 Raa8 29. Qd3 Kg7 30. Rb3 Ra6 31. Rcc3 Rca8 32. Kg1 Kg8 33. Qc2 Bd8 34. Qc1 Bf6 35. Bd1 Kg7 36. Rxa3 h5 37. Rxa6 Qxa6 38. a3 Qb7 39. Bd6 Qb6 40. Bc7 Qa6 41. Be5 Qb6 42. Rc7 Be8 43. Rc8 Qa6 44. Rxa8 Qxa8 45. Kf2 Qa6 46. Be2 Qa8 47. h4 Bc6 48. Qc5 Qb7 49. Bd3 Be8 50. Ke2 Bc6 51. Kd2 Qa8 52. Qc3 Be8 53. Kc1 Bxe5 54. fxe5 Qd8 55. Qe1 g5 56. Qf2 f6 57. Qxf6+ Qxf6 58. exf6+ Kxf6 59. Kb2 gxh4 60. gxh4 e5 61. a4 exd4 62. exd4 bxa4 63. b5 Ke6 64. Ka3 Kd6 65. Kxa4 Kc7 66. Ka5 1-0

[Event "EU-ch 22nd"]
[Site "Terme Catez"]
[Date "2022.03.27"]
[Round "1"]
[White "Papp, Gabor"]
[Black "Blagojevic, Tijana"]
[Result "1-0"]
[WhiteElo "2574"]
[BlackElo "2260"]
[PlyCount "107"]
[EventDate "2022.03.27"]
[EventType "swiss"]
[EventRounds "11"]
[EventCountry "SLO"]
[SourceTitle "CBM 208"]
[Source "ChessBase"]
[SourceDate "2022.06.30"]
[SourceVersion "1"]
[SourceVersionDate "2022.06.30"]
[SourceQuality "1"]

1. Nf3 d5 2. c4 c6 3. e3 Nf6 4. Nc3 e6 5. b3 Bd6 6. Bb2 0-0 7. Be2 e5 8. cxd5 cxd5 9. Nb5 Nc6 10. Nxd6 Qxd6 11. d4 e4 12. Ne5 Nb4 13. a3 Na6 14. 0-0 Ne8 15. a4 Nb4 16. a5 b6 17. Qd2 f6 18. Rfc1 bxa5 19. Rxa5 Rb8 20. Rac5 fxe5 21. Rxc8 exd4 22. Qxd4 Rxc8 23. Rxc8 Qf6 24. Qxf6 Nxf6 25. Rxf8+ Kxf8 26. Bd4 a5 27. Bb5 Ke7 28. Bb6 Kd6 29. Bxa5 Kc5 30. Ba4 Ng4 31. Bc7 Nd3 32. h3 Nge5 33. Kf1 g5 34. Bd8 g4 35. hxg4 Nxg4 36. Be7+ Kb6 37. Bh4 Kc5 38. Bd7 Nge5 39. Be7+ Kb6 40. Bf5 h5 41. Bf6 Kb5 42. f3 Kb4 43. fxe4 dxe4 44. Bxe4 Kxb3 45. Ke2 Kc4 46. Bf5 Nc1+ 47. Kd1 Ncd3 48. Kd2 h4 49. Bg7 h3 50. gxh3 Nf3+ 51. Ke2 Ng1+ 52. Kf1 Nf3 53. Bf6 Nde5 54. h4 1-0